| 000 | 00665cam a2200133 4500500 | ||
|---|---|---|---|
| 005 | 20251214002631.0 | ||
| 041 | _afre | ||
| 042 | _adc | ||
| 100 | 1 | 0 |
_aLejeune, Philippe _eauthor |
| 245 | 0 | 0 | _aL'autobiographie en France |
| 260 |
_bArmand Colin,
_c2010. |
||
| 520 | _aPhilippe Lejeune, membre de l’Institut universitaire de France, a enseigné la littérature française à l’université Paris-Nord (Villetaneuse).1. Étude 2. Répertoire pour servir à l’histoire de l’autobiographie en France 3. Bibliographie 4. Anthologie | ||
| 856 | 4 | 1 | _uhttps://shs.cairn.info/l-autobiographie-en-france--9782200250058?lang=fr&redirect-ssocas=7080 |
| 999 |
_c1567240 _d1567240 |
||